Missing Word: Movie Antonyms III Quiz Stats

 Plays Quiz Updated Apr 16, 2016

Challenge
Share
Tweet
Embed
Score 0/24 Timer 04:00
0 Plays Today
Movie Missing Word % Correct
Ferris Bueller's Day ____Off
97%
____ Fool's DayApril
96.7%
The Day The ____ Stood StillEarth
96.4%
____ Night, And ____ LuckGood
95.6%
____ Night FeverSaturday
95.3%
The Day After ____Tomorrow
94.6%
Night Of The ____ DeadLiving
94.5%
____ Day CareDaddy
93.3%
A Hard ____ NightDay's
92.1%
Die ____ DayAnother
91.2%
A Night ____ The RoxburyAt
90.8%
Friday Night ____Lights
86%
Movie Missing Word % Correct
About ____ NightLast
85.2%
Terminator 2: ____ DayJudgment
80.1%
____ Night StandOne
78.7%
Night At The ____Museum
74.1%
A Good Day To Die ____Hard
65.5%
____ And DayKnight
63.5%
____ Night, Deadly NightSilent
62.5%
____ DayGroundhog
48.4%
Run ____ NightAll
48.4%
____ DayIndependence
46.5%
The ____ DayLongest
22.9%
____ NightFright
17.8%

Today's Daily Dose

You're not logged in!

Compare scores with friends on all Sporcle quizzes.
OR
Log In

You Might Also Like...

Show Comments

Extras

Top Quizzes Today


Score Distribution

Your Account Isn't Verified!

In order to create a playlist on Sporcle, you need to verify the email address you used during registration. Go to your Sporcle Settings to finish the process.

Report this User

Report this user for behavior that violates our Community Guidelines.

Details: